| 000 | 00527nam a22001697a 4500 | ||
|---|---|---|---|
| 999 |
_c60532 _d60532 |
||
| 005 | 20230814151522.0 | ||
| 008 | 230814s1982 enk||||| |||| 00| 0 eng d | ||
| 020 | _a0356062538 | ||
| 041 | _aeng | ||
| 080 | _a902.2(084.4) Th-44 | ||
| 245 |
_aThe Atlas Of Archaeology / _cEditor Professor K. Branigan. |
||
| 264 |
_aMacdonald, _c1982. |
||
| 300 |
_a240 p.: _bill.; _c30 cm. |
||
| 653 | _aარქეოლოგიის ატლასი | ||
| 700 |
_aBranigan, K. _eრედაქტორი _919673 |
||
| 942 |
_2udc _cBK |
||